Derechos intelectuales : reforma de la legislación de patentes... /
Contenido: Beneficios de una ley de patentes bien fundadas; La propiedad intelectual en el escenario económico; Las patentes de invención como instrumento jurídico para la innovación; Armonización para la innovación y el intercambio; La nueva ley mexicana de propiedad industrial; La insoportable des...
Kaydedildi:
| Diğer Yazarlar: | |
|---|---|
| Materyal Türü: | Kitap |
| Dil: | İspanyolca |
| Baskı/Yayın Bilgisi: |
Buenos Aires, Argentina :
Astrea,
1994, c1994
|
| Konular: | |
| Etiketler: |
Etiket eklenmemiş, İlk siz ekleyin!
|
MARC
| LEADER | 00000nam^a2200000^a^4500 | ||
|---|---|---|---|
| 001 | 000157453 | ||
| 005 | 20250521000000.0 | ||
| 009 | 20260310100538.888 | ||
| 020 | |a 950-508-408-0 | ||
| 037 | |a Acervo ITESO - Biblioteca | ||
| 041 | |a ESP | ||
| 082 | |a 346. 048 |b DER V. 6 | ||
| 240 | 1 | 1 | |a [Derechos intelectuales] |
| 245 | 0 | 0 | |a Derechos intelectuales : |b reforma de la legislación de patentes... / |c P.D. Whitney... [et al.]. |
| 264 | 4 | |a Buenos Aires, Argentina : |b Astrea, |c 1994, c1994 | |
| 300 | |a 177 p. | ||
| 336 | |a texto |b txt |2 rdacontenido | ||
| 337 | |a sin mediación |b n |2 rdamedio | ||
| 338 | |a volumen |b nc |2 rdasoporte | ||
| 520 | |a Contenido: Beneficios de una ley de patentes bien fundadas; La propiedad intelectual en el escenario económico; Las patentes de invención como instrumento jurídico para la innovación; Armonización para la innovación y el intercambio; La nueva ley mexicana de propiedad industrial; La insoportable desigualdad de los iguales; Una sólida protección de los derechos de propiedad intelectual como herramienta de desarrollo económico. El caso particular de los productos farmacéuticos; Protección de la propiedad intelectual sobre la materia viva; El arbitraje y la propiedad intelectual; Apéndice. | ||
| 649 | |a XX | ||
| 650 | |a Medicamentos - |x Aspectos Jurídicos | ||
| 650 | |a Industria Farmacéutica - |x Aspectos Jurídicos | ||
| 650 | |a Biología - |x Aspectos Jurídicos | ||
| 650 | |a Ingeniería Genética - |x Aspectos Jurídicos | ||
| 650 | |a Tratado de Libre Comercio - |z México-EUA-Canadá - |x Leyes y Reglamentos | ||
| 650 | |a Arbitraje Comercial - |x Aspectos Jurídicos | ||
| 650 | |a Inventos - |x Aspectos Jurídicos | ||
| 650 | |a Patentes - |z México | ||
| 650 | |a Patentes - |z Argentina | ||
| 650 | |a Patentes - |z EUA | ||
| 650 | |a Tratados Internacionales | ||
| 650 | |a Propiedad Industrial - |z México - |x Leyes y Reglamentos | ||
| 650 | |a Propiedad Industrial - |z Argentina | ||
| 650 | |a Propiedad Industrial - |z EUA | ||
| 650 | |a Propiedad Intelectual - |z México | ||
| 650 | |a Propiedad Intelectual - |z Argentina | ||
| 650 | |a Propiedad Intelectual - |z EUA | ||
| 650 | |a Propiedad Intelectual - |x Tema Principal | ||
| 650 | |a Derecho Mercantil | ||
| 650 | |a Derecho Privado | ||
| 650 | |a Derecho Internacional Privado | ||
| 650 | |a Derecho Internacional | ||
| 650 | |a Derecho Comparado | ||
| 700 | |a Whitney, Peter D. |e (autor) | ||
| 910 | |a Fondo General | ||
| 920 | |a Impresos - Libros | ||
| 930 | |a Colección General | ||
| 905 | |a 101 | ||
| 901 | |a 0500087038 |b IT1 |c ACC |u 20250521 | ||
| 902 | |a https://opac.biblio.iteso.mx/vufind/Record/000157453 | ||